Koh-lanta les reliques du destin : candidats - Statistiques

Statistiques générales
  • Ce quiz a été pris 101 fois
  • Le résultat moyen est 14 sur 20
Statistiques - réponses
Aventurier % Correct
Ulrich
86%
Guillaume
85%
Jade
83%
Lola
82%
Clarisse
79%
Daniel
79%
Johan
79%
Hugo
77%
Cynthia
76%
Paul
76%
Antonin
71%
Jonathan
71%
Caroline
70%
Lionel
68%
Cindy
67%
Clémence
64%
Nora
64%
Françoise
55%
Karine
52%
Zakariya
48%
Aucun quiz correspondant
Distribution des résultats
% des personnes avec chaque résultat
Percentile par nombre de réponses
Votre historique - résultats
Vous n’avez pas pris ce quiz